LIBRARY & INFORMATION CENTRE, KCAET, TAVANUR

ONLINE PUBLIC ACCESS CATALOGUE (OPAC)

Mathematical theory of electricity and magnetism / (Record no. 11105)

MARC details
000 -LEADER
fixed length control field 00475cam a2200181ua 4500
041 ## - LANGUAGE CODE
Language code of text/sound track or separate title eng
082 ## - DEWEY DECIMAL CLASSIFICATION NUMBER
Classification number 537
Item number JEA/MA
100 ## - MAIN ENTRY--AUTHOR NAME
Personal name Jeans, James .
245 ## - TITLE STATEMENT
Title Mathematical theory of electricity and magnetism /
250 ## - EDITION STATEMENT
Edition statement 5 /
260 ## - PUBLICATION, DISTRIBUTION, ETC. (IMPRINT)
Place of publication London :
Name of publisher Cambridge at the University Press ,
Year of publication 1966.
300 ## - PHYSICAL DESCRIPTION
Number of Pages 652 ; .
942 ## - ADDED ENTRY ELEMENTS (KOHA)
Koha item type Books
Holdings
Withdrawn status Lost status Damaged status Home library Current library Date acquired Full call number Accession Number Koha item type
      KAUAET KAUAET 07/04/2012 537 JEA/MA 11717 Books
free website counter